Песни "Кодзики", "Нихон Сёки" и "Буссокусэки-ка" (Запись № 12696591)
[ простой вид ]
| 000 -МАРКЕР | |
|---|---|
| контрольное поле | 02069nam0a2200433 i 4500 |
| 001 - ИДЕНТИФИКАТОР ЗАПИСИ | |
| контрольное поле | RU\NLR\BIBL_A\016207498 |
| 005 - ИДЕНТИФИКАТОР ВЕРСИИ | |
| контрольное поле | 20260408235103.0 |
| 010 ## - МЕЖДУНАРОДНЫЙ СТАНДАРТНЫЙ НОМЕР КНИГИ (ISBN) | |
| Номер (ISBN) | 9785604186053 |
| Тираж | 300 |
| 035 ## - ДРУГИЕ СИСТЕМНЫЕ НОМЕРА | |
| Идентификатор записи | (RuMoRGB)010880667 |
| 035 ## - ДРУГИЕ СИСТЕМНЫЕ НОМЕРА | |
| Идентификатор записи | (NLR Aleph) 016207498 |
| 100 ## - ДАННЫЕ ОБЩЕЙ ОБРАБОТКИ | |
| Данные общей обработки | 20221115d2019 k y0rusy50 ca |
| 101 1# - ЯЗЫК РЕСУРСА | |
| Язык текста, звукозаписи и т.д. | русский |
| Язык резюме | английский |
| Язык оригинала | японский |
| -- | китайский |
| 102 ## - СТРАНА ПУБЛИКАЦИИ ИЛИ ПРОИЗВОДСТВА | |
| Страна публикации | Российская Федерация |
| 105 ## - ПОЛЕ КОДИРОВАННЫХ ДАННЫХ: ТЕКСТОВЫЕ МАТЕРИАЛЫ, МОНОГРАФИЧЕСКИЕ | |
| Кодированные данные о монографическом текстовом документе | ab||z|||000zy |
| 181 #0 - ПОЛЕ КОДИРОВАННЫХ ДАННЫХ: ВИД СОДЕРЖАНИЯ | |
| Код вида содержания (ISBD) | i |
| Код характеристики содержания (ISBD) | axxe |
| 182 #0 - ПОЛЕ КОДИРОВАННЫХ ДАННЫХ: ТИП СРЕДСТВА | |
| Код типа средства (ISBD) | n - непосредственное |
| 200 1# - ЗАГЛАВИЕ И СВЕДЕНИЯ ОБ ОТВЕТСТВЕННОСТИ | |
| Основное заглавие | Песни "Кодзики", "Нихон Сёки" и "Буссокусэки-ка" |
| Сведения, относящиеся к заглавию | глоссирование, морфологический анализ, переводы и комментарии |
| Первые сведения об ответственности | Е. Н. Левченко-Шмаевская |
| 203 ## - ВИД СОДЕРЖАНИЯ И ТИП СРЕДСТВА | |
| Вид содержания | Текст |
| Дополнительные сведения об издании | визуальный |
| Тип средства | непосредственный |
| 210 ## - ПУБЛИКАЦИЯ, РАСПРОСТРАНЕНИЕ И ДР. | |
| Место издания, распространения и т.д. | Москва |
| Имя издателя, распространителя и т. д. | Изд-во восточной литературы |
| Дата издания, распространения и т.д. | 2019 |
| 215 ## - ФИЗИЧЕСКАЯ ХАРАКТЕРИСТИКА | |
| Специфическое обозначение материала и объем | 286, [1] с. |
| Другие сведения о физической характеристике | ил., карты, табл. |
| Размеры | 22 |
| Сопроводительный материал | [1] отд. л. схем |
| 300 ## - ОБЩИЕ ПРИМЕЧАНИЯ | |
| Текст примечания | Часть текста на кит. и яп. яз. |
| 300 ## - ОБЩИЕ ПРИМЕЧАНИЯ | |
| Текст примечания | Рез. англ. |
| 320 ## - ПРИМЕЧАНИЯ О НАЛИЧИИ В ДОКУМЕНТЕ БИБЛИОГРАФИИ / УКАЗАТЕЛЯ | |
| Текст примечания | Библиогр.: с. 270-280 |
| 500 ## - УНИФИЦИРОВАННОЕ ЗАГЛАВИЕ | |
| Унифицированное заглавие | Кодзики |
| Идентификатор авторитетной / нормативной записи | RU\NLR\AUTH\559383 |
| Системный номер авторитетной/нормативной записи | 2631399 |
| 500 10 - УНИФИЦИРОВАННОЕ ЗАГЛАВИЕ | |
| Графика поля | Кириллица |
| Унифицированное заглавие | Нихон сёки |
| Системный номер авторитетной/нормативной записи | 2637595 |
| Идентификатор авторитетной / нормативной записи | RU\NLR\AUTH\5506622 |
| 500 10 - УНИФИЦИРОВАННОЕ ЗАГЛАВИЕ | |
| Графика поля | Кириллица |
| Унифицированное заглавие | Буссокусэки-ка |
| Прочие сведения | 8 в. |
| Системный номер авторитетной/нормативной записи | 2639538 |
| Идентификатор авторитетной / нормативной записи | RU\NLR\AUTH\5508566 |
| 605 ## - ЗАГЛАВИЕ КАК ПРЕДМЕТ | |
| Начальный элемент ввода | "Буссокусэки-ка" |
| Прочие сведения | 8 в. |
| Системный номер авторитетной/нормативной записи | 2542487 |
| Идентификатор авторитетной/нормативной записи | RU\NLR\AUTH\6601718569 |
| 605 ## - ЗАГЛАВИЕ КАК ПРЕДМЕТ | |
| Начальный элемент ввода | "Кодзики" |
| Системный номер авторитетной/нормативной записи | 1537093 |
| Идентификатор авторитетной/нормативной записи | RU\NLR\AUTH\66669940 |
| 605 ## - ЗАГЛАВИЕ КАК ПРЕДМЕТ | |
| Начальный элемент ввода | "Нихон секи" |
| Системный номер авторитетной/нормативной записи | 2069345 |
| Идентификатор авторитетной/нормативной записи | RU\NLR\AUTH\661244046 |
| 606 1# - НАИМЕНОВАНИЕ ТЕМЫ КАК ПРЕДМЕТ | |
| Наименование темы | Японский язык |
| Тематический подзаголовок | История |
| Системный номер авторитетной/нормативной записи | 2005629 |
| Идентификатор авторитетной/нормативной записи | RU\NLR\AUTH\661207065 |
| 686 1# - ИНДЕКСЫ ДРУГИХ КЛАССИФИКАЦИЙ | |
| Индекс | Ш5(5Я)4-332.4 |
| 686 1# - ИНДЕКСЫ ДРУГИХ КЛАССИФИКАЦИЙ | |
| Индекс | Ш175.42-0 |
| 700 #1 - ИМЯ ЛИЦА - ПЕРВИЧНАЯ ОТВЕТСТВЕННОСТЬ | |
| Графика поля | Кириллица |
| Материалы, к которым относится поле | rus |
| Начальный элемент ввода | Левченко-Шмаевская |
| Часть имени, кроме начального элемента ввода | Е. Н. |
| Расширение инициалов личного имени | Екатерина Николаевна |
| Системный номер авторитетной/нормативной записи | 251731 |
| Идентификатор авторитетной/нормативной записи | RU\NLR\AUTH\770251787 |
| 942 ## - ДОПОЛНИТЕЛЬНЫЕ ЭЛЕМЕНТЫ ЗАПИСИ (АБИС) | |
| Тип экземпляра АБИС | Книга |
| 980 ## - КОЛЛЕКЦИЯ | |
| Название коллекции | НБР |
Нет доступных экземпляров.